Die Eger und ihr Talbecken
| Titel: | Die Eger und ihr Talbecken |
|---|---|
| Verfasser: | |
| In: |
Jahrbuch der Egerländer, Band 51 (2004), Seite 69-71, 1 Abb. alle Artikel anzeigen |
| Veröffentlicht: | 2004 [2003] |
| Format: | Aufsatz |
| Sprache: | Deutsch |
X
alg: 39157207 001A $01999:11-11-16 001B $01999:12-03-21 $t19:05:12.000 001C $06050:19-11-16 $t09:15:29.000 001D $01999:11-11-16 001U $0utf8 001X $00 002@ $0Aox 003@ $0391572075 007A $0391572075 $aHEB 007T $0Herd59666 010@ $ager 011@ $a2004 $n2004 [2003] 021A $aDie @Eger und ihr Talbecken 028A $712061801X $8Krause, Erhard$Z1923- [Tp3] $9152181199 031A $d51 $h69-71, 1 Abb. $j2004 039B $aIn $8--Abvc--. Jahrbuch der Egerländer. - Nürnberg : HPV Druck + Versand GmbH, 1953-[2022] $x200400000510000931 $9047691646 045F $a911.4371 $eDDC23BSB 045F/01 $a911 045F/03 $g4371 045T $a7,41 lok: 39157207 78 exp: 39157207 78 1 #EPN 201B/01 $026-11-17 $t00:44:16.000 201U/01 $0utf8 203@/01 $0787666327 208@/01 $a11-11-16 $be 209A/01 $a/ $f000 $x00 220C/01 $aTitelaufnehmer: rk 244Z/01 $#Tschechien $#Tschechische Republik $#Tschechische Republik $#Tschechenland $#Tschechei Tschechien $#Česká Republika $#Czech Republic $#ČR $74303381-7 $8--Tg1--Tschechien $x01 $9086659812 244Z/01 $2Trx $#Böhmen $#Bohemia $#Czechy $8--Trx--Čechy $x02 $9391188941 244Z/01 $2Trx $#Eger Fluß $8--Trx--Ohře$gřeka $x03 $9391260472 244Z/01 $2Trx $#maateadus $#etnologija $#Regional studies $#regionális tanulmányok $#krajoznawstwo $#vlastiveda $#vlastivěda $8--Trx--Landeskunde $x04 $9391358952 244Z/01 $2Trx $8--Trx--Zeitschriftenaufsatz $x05 $9391384341 245Z/01 $a02 $x01 247C/01 $82080>Marburg/Lahn, Herder-Institut, Forschungsbibliothek, Bibliographieportal $9336309341
| LEADER | 00000caa a22000002c 4500 | ||
|---|---|---|---|
| 001 | 391572075 | ||
| 003 | DE-603 | ||
| 005 | 20210312190512.0 | ||
| 007 | tu | ||
| 008 | 161111s2004 xx |||| | u00||u|ger c | ||
| 035 | |a (DE-599)HEB391572075 | ||
| 040 | |a DE-603 |b ger |c DE-603 |d DE-603 | ||
| 041 | |a ger | ||
| 082 | 0 | 4 | |8 1\u |a 911.4371 |q DE-101 |2 23/BSB |
| 084 | |a 7,41 |2 ssgn | ||
| 085 | |8 1\u |b 911 | ||
| 085 | |8 1\u |z 2 |s 4371 | ||
| 100 | 1 | |a Krause, Erhard |d 1923- |0 (DE-603)152181199 |0 (DE-588)12061801X |2 gnd | |
| 245 | 0 | 0 | |a Die Eger und ihr Talbecken |
| 264 | 0 | |c 2004 [2003] | |
| 773 | 0 | 8 | |i In |t Jahrbuch der Egerländer |d Nürnberg : HPV Druck + Versand GmbH, 1953-[2022] |g Band 51 (2004), Seite 69-71, 1 Abb. |w (DE-603)047691646 |w (DE-600)505324-9 |
| 924 | 0 | |9 2080 |a (DE-603)787666327 |b DE-2080 |c HES |d d |g / | |


